00385nam a2200181Ia 4500003000900000008004100009040001300050040001300063041000800076100002000084245003600104250001200140260002100152260000900173300000800182490000700190490000600197IT-RoPAU120407s9999 xx 000 0 und d aIT-RoPAU cIT-RoPAU aita aAdolfo L’Arco aLe mani che sollevano il mondo. aCatania aEdizioni Paoline c1958 c cm aSm v1